| 000 | 00738nam a2200229 a 4500 | ||
|---|---|---|---|
| 001 | 13358 | ||
| 003 | BD-JhCC | ||
| 005 | 20230909124501.0 | ||
| 008 | 230909b2019 bg |||| ||a| 000 0 ben d | ||
| 020 | _a9848260137 | ||
| 035 | _a(BD-JhCC)13358 | ||
| 040 |
_aBD-JhCC _dBD-JhCC |
||
| 041 | _abengali | ||
| 082 |
_a925 _bBIS 2019 |
||
| 245 |
_aবিশ্বের শ্রেষ্ঠ আবিষ্কারক ও আবিষ্কারের গল্প / _cঅনু: ননী ভৌমিক । |
||
| 260 |
_aঢাকা: _bদি স্কাই পাবলিশার্স; _c2019. |
||
| 300 |
_a106 p. : _c22cm. |
||
| 650 | _aScientist | ||
| 700 | _a ভৌমিক, ননী | ||
| 942 |
_2ddc _cBK |
||
| 999 |
_c13358 _d13358 |
||